Datum a čas kvízu

24.5 Celkem bodů Celkový počet nahraných bodů na tomto kvízu bez doplňovacích otázek.
8. Pořadí na kvízu Konečné umístění týmu na tomto kvízu.

Zaznamenané odpovědi

# Otázka Odpověď Body Výsledky
1. Na sedmém kilometru dálnice D1... tramvaj 1
2. Senát jednoho státu na jihu US... Alabama 0
3. Který známý umělec si vzal v n... Rytmus / Patrik Vrbovský 1
4. Čínská společnost Xiaomi přišl... v automatu 0
5. Nejslabším týmem letošního hok... Radko Gudas 1
6. Kolik mandátů připadá v Evrops... 21 mandátů (Uznáváme tedy 20 až 22.) 0
7. Jak se jmenuje německý politik... Martin Schulz 0
8. Přiřaďte politické strany k je... 1B 2D 3A 4C 0
9. V některých evropských státech... D 0
10. Jedenatřicetiletý kandidát nov... Tinder 0